| 000 | 00781nam a2200289Ia 4500 | ||
|---|---|---|---|
| 003 | OSt | ||
| 005 | 20220912151346.0 | ||
| 006 | a|||||r|||| 00| 0 | ||
| 007 | ta | ||
| 008 | 220909b |||||||| |||| 00| 0 eng d | ||
| 024 | _a39246 | ||
| 037 | _cTextual | ||
| 040 |
_aCSL _beng _cCSL |
||
| 041 | _aeng | ||
| 082 | _aB316, L1 EB | ||
| 100 | _aHilton P J | ||
| 245 | 0 | _aCourse in homological algebra | |
| 260 |
_aNew York _b Springer- Verlag _c1971 |
||
| 300 |
_aix, 338p. _ccm. |
||
| 490 | _aGraduate texts in mathematics; 4 | ||
| 500 |
_aBibliography p. _ccm.331-332. |
||
| 650 | _a Topology | ||
| 650 | _aMathematics | ||
| 700 | _a Stammbach U | ||
| 942 |
_hB316, L1 EB _cTEXL _2CC |
||
| 999 |
_c66942 _d66942 |
||